Statistics for Cars Named After Animals

Click here to take the quiz!

General Stats

  • This quiz has been taken 145 times
  • The average score is 7 of 30

Answer Stats

AutomakerCar% Correct
FordMustang
77%
VolkswagenBeetle
62%
ShelbyCobra
56%
Dodge/SRTViper
54%
DodgeRam
47%
MercuryCougar
40%
ReliantRobin
31%
PlymouthBarracuda
29%
ChevroletImpala
29%
VolkswagenRabbit (Golf)
24%
FiatPanda
24%
FordPuma
21%
PlymouthRoadrunner
19%
BondBug
19%
HudsonHornet
17%
StudebakerHawk Series
16%
FordFalcon
16%
FordBronco
15%
VolkswagenFox (Lupo)
15%
MercurySable
12%
TriumphStag
12%
Nissan/DatsunBluebird
11%
BuickSkylark
10%
SingerGazelle
10%
HyundaiPony
8%
StudebakerLark
8%
AMC/RamblerMarlin
6%
BuickWildcat
6%
NissanLeopard
4%
ReliantKitten
4%

Score Distribution

Percentile by Number Answered

Percent of People with Each Score

Your Score History

You have not taken this quiz